000 00625cam a22002053a 4500
001 39388
003 PGUSA
005 20140828083857.0
008 120406s2012||||xxu|||||s|||||000 | eng d
040 _aPGUSA
_beng
042 _adc
100 1 _aLyman, William Denison
245 1 4 _aThe Columbia River :
_bIts History, Its Myths, Its Scenery, Its Commerce
_h[electronic resource] /
_cWilliam Denison Lyman
260 _bProject Gutenberg,
_c2012
506 _aPublic domain in the USA.
516 _aElectronic text
830 0 _aProject Gutenberg
_v39388
856 4 0 _uhttp://www.gutenberg.org/ebooks/39388
942 _cEB
999 _c268641
_d268641